[Event "COL-chT"]
[Site "Santa Marta"]
[Date "2022.11.04"]
[Round "5.2"]
[White "Gutierrez Blanco, Abimael"]
[Black "Payares Almarales, Roman"]
[Result "1/2-1/2"]
[WhiteElo "1681"]
[BlackElo "1332"]
[PlyCount "47"]
[EventDate "2022.11.02"]
[EventType "team-swiss"]
[EventRounds "7"]
[EventCountry "COL"]
[SourceTitle "CBM 211 Extra"]
[Source "ChessBase"]
[SourceDate "2023.01.31"]
[SourceVersion "1"]
[SourceVersionDate "2023.01.31"]
[SourceQuality "1"]
[WhiteTeam "Magdalena III"]
[BlackTeam "Magdalena V"]
[WhiteTeamCountry "COL"]
[BlackTeamCountry "COL"]

1. d4 e6 2. Nf3 f5 3. c4 Nf6 4. Nc3 Bb4 5. a3 Bxc3+ 6. bxc3 Ne4 7. Qc2 0-0 8. e3 d5 9. cxd5 exd5 10. Bd3 Nd7 11. a4 h6 12. a5 c6 13. c4 Ndf6 14. h3 Be6 15. Ne5 Nd7 16. Nf3 Re8 17. 0-0 g5 18. Qb3 Rb8 19. Nd2 Ndf6 20. Ra2 Nxd2 21. Bxd2 dxc4 22. Bxc4 Bxc4 23. Qxc4+ Qd5 24. Qxd5+ 1/2-1/2

[Event "COL-chT"]
[Site "Santa Marta"]
[Date "2022.11.04"]
[Round "4.2"]
[White "Payares Almarales, Roman"]
[Black "Garcia Ibarra, Oscar Javier"]
[Result "1/2-1/2"]
[WhiteElo "1332"]
[BlackElo "1858"]
[PlyCount "101"]
[EventDate "2022.11.02"]
[EventType "team-swiss"]
[EventRounds "7"]
[EventCountry "COL"]
[SourceTitle "CBM 211 Extra"]
[Source "ChessBase"]
[SourceDate "2023.01.31"]
[SourceVersion "1"]
[SourceVersionDate "2023.01.31"]
[SourceQuality "1"]
[WhiteTeam "Magdalena V"]
[BlackTeam "Arauca"]
[WhiteTeamCountry "COL"]
[BlackTeamCountry "COL"]

1. d4 c5 2. Nf3 Nf6 3. c4 g6 4. Nc3 Bg7 5. e3 0-0 6. Bd3 cxd4 7. exd4 d5 8. c5 b6 9. cxb6 Qxb6 10. 0-0 Bg4 11. Be2 e6 12. Na4 Qd6 13. h3 Bxf3 14. Bxf3 Nc6 15. Be3 Rab8 16. a3 Ne4 17. b4 f5 18. Nc5 Qe7 19. g3 Nxc5 20. bxc5 g5 21. Qd2 h6 22. Bg2 Rb3 23. f4 Bf6 24. fxg5 hxg5 25. Rxf5 Rxe3 26. Rxf6 Qxf6 27. Qxe3 Qxd4 28. Qxd4 Nxd4 29. Re1 Rc8 30. Re5 Rxc5 31. Rxg5+ Kf7 32. h4 Nf5 33. h5 Kf6 34. Rg6+ Kf7 35. g4 Nh4 36. Rh6 Rc1+ 37. Bf1 Rc3 38. Rh7+ Kf6 39. Rxa7 Rg3+ 40. Kh2 Rxg4 41. Kh3 Rf4 42. Bb5 Nf5 43. Be8 Rh4+ 44. Kg2 Ke5 45. a4 d4 46. Rd7 Kf4 47. a5 Ne3+ 48. Kg1 Rg4+ 49. Kh2 Rh4+ 50. Kg1 Rg4+ 51. Kh2 1/2-1/2

[Event "COL-chT"]
[Site "Santa Marta"]
[Date "2022.11.02"]
[Round "1.2"]
[White "Londono Lopez, Donaldo Eliuver"]
[Black "Payares Almarales, Roman"]
[Result "1-0"]
[WhiteElo "2055"]
[BlackElo "1332"]
[PlyCount "83"]
[EventDate "2022.11.02"]
[EventType "team-swiss"]
[EventRounds "7"]
[EventCountry "COL"]
[SourceTitle "CBM 211 Extra"]
[Source "ChessBase"]
[SourceDate "2023.01.31"]
[SourceVersion "1"]
[SourceVersionDate "2023.01.31"]
[SourceQuality "1"]
[WhiteTeam "Risaralda II"]
[BlackTeam "Magdalena V"]
[WhiteTeamCountry "COL"]
[BlackTeamCountry "COL"]

1. e4 c5 2. Nf3 e6 3. d4 cxd4 4. Nxd4 Nc6 5. Nc3 Bb4 6. Nxc6 bxc6 7. Bd3 Ne7 8. 0-0 0-0 9. Bd2 f5 10. Re1 d5 11. exd5 exd5 12. Ne2 Bxd2 13. Qxd2 Ng6 14. Rad1 Qh4 15. c3 f4 16. Bxg6 hxg6 17. Nd4 Bd7 18. b4 Rae8 19. a4 Qf6 20. a5 f3 21. Nxf3 Bg4 22. Rxe8 Rxe8 23. Re1 Re6 24. Rxe6 Qxe6 25. Nd4 Qe8 26. f3 Bd7 27. Kf2 Qe5 28. g3 g5 29. Ne2 g4 30. fxg4 Bxg4 31. Nd4 g5 32. Qe3 Qf6+ 33. Kg2 Bd7 34. Nf3 g4 35. Qg5+ Qxg5 36. Nxg5 Kg7 37. h4 Kf6 38. Kf2 Be8 39. Ke3 Bd7 40. Kd4 Be8 41. b5 cxb5 42. Kxd5 1-0

[Event "COL-ch Cat D U1800"]
[Site "Medellin"]
[Date "2021.06.13"]
[Round "6"]
[White "Payares Almarales, Roman"]
[Black "Martinez Serna, Maria Luisa"]
[Result "0-1"]
[WhiteElo "1633"]
[BlackElo "1345"]
[PlyCount "72"]
[EventDate "2021.06.10"]
[EventType "swiss"]
[EventRounds "7"]
[EventCountry "COL"]
[SourceTitle "EXT 2022"]
[Source "ChessBase"]
[SourceDate "2021.10.06"]
[SourceVersion "1"]
[SourceVersionDate "2021.10.06"]
[SourceQuality "1"]

1. e4 e5 2. Nf3 Nc6 3. Bb5 a6 4. Ba4 b5 5. Bb3 Bc5 6. Nxe5 Qh4 7. Bxf7+ Kf8 8. Nd3 Qxe4+ 9. Qe2 Bxf2+ 10. Nxf2 Qxe2+ 11. Kxe2 Kxf7 12. Rf1 Nf6 13. c3 Re8+ 14. Kd1 d6 15. d4 Bf5 16. Bg5 Nd5 17. Nh3 Kg6 18. Nf4+ Nxf4 19. Bxf4 Ne7 20. h3 Nd5 21. Nd2 Bd3 22. Rf2 Re6 23. Nf1 Rae8 24. Bd2 Re2 25. Rf3 Bf5 26. g4 Bd7 27. b3 c5 28. c4 bxc4 29. bxc4 Ba4+ 30. Kc1 Nb4 31. d5 R8e4 32. Rc3 Rf2 33. Ne3 Rd4 34. a3 Nd3+ 35. Rxd3 Rxd3 36. Ra2 Rxe3 0-1

[Event "COL-ch Cat D U1800"]
[Site "Medellin"]
[Date "2021.06.11"]
[Round "2"]
[White "Payares Almarales, Roman"]
[Black "Cabas Martinez, Dilan Alexander"]
[Result "1-0"]
[WhiteElo "1633"]
[BlackElo "1553"]
[PlyCount "83"]
[EventDate "2021.06.10"]
[EventType "swiss"]
[EventRounds "7"]
[EventCountry "COL"]
[SourceTitle "EXT 2022"]
[Source "ChessBase"]
[SourceDate "2021.10.06"]
[SourceVersion "1"]
[SourceVersionDate "2021.10.06"]
[SourceQuality "1"]

1. e4 c5 2. Nf3 Nc6 3. Nc3 e5 4. Bc4 Be7 5. d3 Nf6 6. 0-0 d6 7. h3 0-0 8. Bg5 Be6 9. Bxf6 Bxf6 10. Bd5 Ne7 11. Bxe6 fxe6 12. Nh2 Ng6 13. Qg4 Qe7 14. g3 Rad8 15. h4 Bxh4 16. gxh4 Rf4 17. Qg5 Qf8 18. h5 Nh4 19. Ne2 Nf3+ 20. Nxf3 Rxf3 21. h6 Rd7 22. Ng3 g6 23. Nh5 Rdf7 24. Rae1 Rxf2 25. Rxf2 Rxf2 26. Ng7 Rf6 27. Qg2 b5 28. Rf1 Rxf1+ 29. Qxf1 Qxf1+ 30. Kxf1 Kf7 31. Kg2 d5 32. b3 a5 33. a4 bxa4 34. bxa4 Ke7 35. Kf3 g5 36. Kg4 Kf6 37. c4 dxc4 38. dxc4 Kg6 39. Nxe6 Kxh6 40. Nxg5 Kg6 41. Nxh7 Kxh7 42. Kf5 1-0